Die 50 einflußreichsten Personen der Menschheitsgeschichte - Statistiken

Allgemein
  • Dieses Quiz wurde 297 mal gespielt
  • Das Durchschnittsergebnis liegt bei 19 aus 50
Antwortstatistiken
Hinweise Person % Korrekt
Entwickler der Relativitätstheorie Albert Einstein
97%
Diktator des Deutschen Reiches Adolf Hitler
96%
Entdecker Amerikas Christoph Kolumbus
85%
Stifter des Christentums Jesus von Nazaret
85%
1. Präsident der USA George Washington
83%
Erfinder des Buchdrucks Johannes Gutenberg
80%
Begründer der Evolutionstheorie Charles Darwin
77%
Urheber der Reformation Martin Luther
77%
Stifter des Islam Mohammed
70%
Mitbegründer des Sozialismus & Kommunismus Karl Marx
69%
Physiker & Mathematiker,u. a.Gravitationsgesetz Isaac Newton
66%
König von Makedonien Alexander der Große
58%
1. römischer Kaiser Augustus
58%
Anführer des Volkes Israel (lt. Bibel) Mose
58%
Komponist der Musik der Romantik & Wiener Klassik Ludwig van Beethoven
56%
Stifter des Konfuzianismus Konfuzius
55%
Vereinigung mongol. Stämme/ Eroberung großer TeileZentralasiens & Nordchinas Dschingis Khan
54%
Stifter des Buddhismus Buddha
53%
Vermarktung der Idee des Telefons Alexander Graham Bell
46%
Philosoph, Schüler von Platon Aristoteles
46%
Künstler der italien. Hochrenaissance Michelangelo
42%
Eroberung großer Teile Kontinentaleuropas/Prägung des modernen Zivilrechts Napoleon Bonaparte
41%
Erfinder der Telekommunikation & des elektr. Lichts Thomas Alva Edison
41%
Pioniere der Luftfahrt Gebrüder Wright/Wilbur Wright / Orville Wright
40%
Begründer moderner Naturwissenschaft Galileo Galilei
35%
Entdecker von Penicillin Alexander Fleming
34%
Begründer des heliozentr. Weltbildes Nikolaus Kopernikus
31%
Dramatiker, Dichter der Weltliteratur William Shakespeare
29%
Verbesserung der Dampfmaschine James Watt
28%
Unabhängigkeitskämpfer für die Befreiung südamerik. Ländervon span. Kolonialherrschaft Simón Bolívar
28%
Begründer der klassischen Nationalökonomie Adam Smith
23%
Erheber des Christentums als Staatsreligion im röm. Reich Konstantin der Große
23%
Lordprotektor von England, Schottland & Irland Oliver Cromwell
21%
Begründer der Quantenmechanik Werner Heisenberg
20%
Bedeut. Missionar des Christentums Paulus von Tarsus
19%
Philosoph (Erkenntnistheorie, Ethik, Staatstheorie,Kosmologie & Metaphysik) Platon
19%
Philosoph u.a. im BereichArithmetik & Geometrie Euklid
8%
Physiker im Bereich Elektroindustrie Michael Faraday
8%
Radiopionier Guglielmo Marconi
7%
Physiker, der den Grundstein fürElektrizitätslehre & Magnetismus legte James Clerk Maxwell
7%
Pionier des Liberalismus John Locke
6%
Gründer des chin. Kaiserreiches Qin Shihuangdi
6%
Begründer des Rationalismus René Descartes
5%
Begründer der Mikrobiologie Louis Pasteur
4%
Erbauer von Lichtmikroskopen Antoni van Leeuwenhoek
3%
Wegbereiter der Chemie (Atomtheorie) John Dalton
3%
Begründer der 1. chem. Revolution Antoine Laurent de Lavoisier
2%
Pionier der Fotografie Louis Daguerre
1%
Erfinder des Papiers Cai Lun
0%
Pionier der Anästhesie /Narkose William Thomas Green Morton
0%
Keine übereinstimmenden Quizze gefunden
Verteilung der Resultate
Anzahl Personen mit jedem Resultat
Perzentil nach korrekt beantworteten Fragen
Ihre Resultats-Entwicklung
Sie haben dieses Quiz noch nicht gespielt